Story of the North West Frontier Province (Record no. 331663)

000 -LEADER
fixed length control field 00744cam a22002171 4500
001 - CONTROL NUMBER
control field 1719348
003 - CONTROL NUMBER IDENTIFIER
control field NUST
005 - DATE AND TIME OF LATEST TRANSACTION
control field 20171012150344.0
008 - FIXED-LENGTH DATA ELEMENTS--GENERAL INFORMATION
fixed length control field 720824s1930 pk a 000 0 eng
010 ## - LIBRARY OF CONGRESS CONTROL NUMBER
LC control number 72186869
040 ## - CATALOGING SOURCE
Original cataloging agency DLC
Transcribing agency DLC
Modifying agency DLC
043 ## - GEOGRAPHIC AREA CODE
Geographic area code a-pk---
050 00 - LIBRARY OF CONGRESS CALL NUMBER
Classification number DS485.N7
Item number E92 1930
082 ## - DEWEY DECIMAL CLASSIFICATION NUMBER
Classification number 954.912
Author Mark EWA
100 1# - MAIN ENTRY--PERSONAL NAME
Personal name Ewart, J. M.
9 (RLIN) 5407
245 10 - TITLE STATEMENT
Title Story of the North West Frontier Province
Statement of responsibility, etc. [by J. M. Ewart; rev. by E. B. Howell]
260 ## - PUBLICATION, DISTRIBUTION, ETC.
Place of publication, distribution, etc. Peshawar,
Name of publisher, distributor, etc. Govt. Print. and Stationery Off.,
Date of publication, distribution, etc. 1930.
300 ## - PHYSICAL DESCRIPTION
Extent ii, 90 p.
Other physical details illus.
Dimensions 20 cm.
651 #0 - SUBJECT ADDED ENTRY--GEOGRAPHIC NAME
Geographic name Khyber Pakhtunkhwa (Pakistan)
General subdivision History.
9 (RLIN) 3865
700 1# - ADDED ENTRY--PERSONAL NAME
Personal name Howell, Evelyn Berkeley,
Titles and other words associated with a name Sir,
Dates associated with a name 1877-
9 (RLIN) 5408
906 ## - LOCAL DATA ELEMENT F, LDF (RLIN)
a 7
b cbc
c orignew
d 4
e ncip
f 19
g y-gencatlg
942 ## - ADDED ENTRY ELEMENTS (KOHA)
Source of classification or shelving scheme
Koha item type Book
Holdings
Withdrawn status Lost status Source of classification or shelving scheme Damaged status Not for loan Collection code Permanent Location Current Location Shelving location Date acquired Total Checkouts Full call number Barcode Date last seen Copy number Price effective from Koha item type
            Central Library (CL) Central Library (CL) Book Cart 10/12/2017   954.912 EWA CL2186 10/12/2017 1 10/12/2017 Book
© 2023 Central Library, National University of Sciences and Technology. All Rights Reserved.